Capitales du monde - Statistiques

Statistiques générales
  • Ce quiz a été pris 163 fois
  • Le résultat moyen est 54 sur 171
Statistiques - réponses
Hint Réponse % Correct
Cité du Vatican Vatican
61%
Brasilia Brésil
59%
Dublin Irlande
57%
Ottawa Canada
56%
Séoul Corée du Sud
56%
Athènes Grèce
56%
Moscou Russie
56%
Pékin Chine
54%
Jérusalem Israël
54%
Tokyo Japon
54%
Mexico Mexique
54%
Kiev Ukraine
54%
Buenos Aires Argentine
52%
Canberra Australie
52%
Madrid Espagne
52%
Washington États-Unis
52%
Lisbonne Portugal
52%
Alger Algérie
50%
Berlin Allemagne
50%
La Havane Cuba
50%
Helsinki Finlande
50%
Paris France
50%
New Delhi Inde
50%
Rome Italie
50%
La Valette Malte
50%
Panama Panama
50%
Singapour Singapour
50%
Vienne Autriche
48%
Guatemala Guatemala
48%
Jakarta Indonésie
48%
Monaco Monaco
48%
Sao Tomé Sao Tomé-et-Principe
48%
Bruxelles Belgique
46%
Copenhague Danemark
46%
Luxembourg Luxembourg
46%
Rabat Maroc
46%
Amesterdam Pays-Bas
46%
Lima Pérou
46%
Bangkok Thaïlande
46%
Andorre-la-Vieille Andorre
44%
Djibouti Djibouti
44%
Bissau Guinée-Bissau
44%
Port-au-Prince Haïti
44%
Reykjavik Islande
44%
Tunis Tunisie
44%
Le Caire Égypte
43%
Oslo Norvège
43%
Wellington Nouvelle-Zélande
43%
Bucarest Roumanie
43%
Londres Royaume-Uni
43%
Ankara Turquie
43%
Tirana Albanie
41%
Santiago Chili
41%
Bogota Colombie
41%
Koweït Koweït
41%
Varsovie Pologne
41%
San Salvador Salvador
41%
Berne Suisse
41%
Sofia Bulgarie
39%
Budapest Hongrie
39%
Prague République tchèque
39%
Montevideo Uruguay
39%
Riyad Arabie saoudite
37%
Manille Philippines
37%
Dakar Sénégal
37%
Stockholm Suède
37%
Nicosie Chypre
35%
Zagreb Croatie
35%
Riga Lettonie
35%
Chisinau Moldavie
35%
Saint-Domingue République dominicaine
35%
Bakou Azerbaïdjan
33%
La Paz Bolivie
33%
Sarajevo Bosnie-Herzégovine
33%
Pyongyang Corée du Nord
33%
Beyrouth Liban
33%
Kinshasa République démocratique du Congo
33%
Damas Syrie
33%
Caracas Venezuela
33%
Kaboul Afghanistan
31%
Pretoria Afrique du Sud
31%
Erevan Arménie
31%
Addis Abeba Éthiopie
31%
Kingston Jamaïque
31%
Oulan-Bator Mongolie
31%
Katmandou Népal
31%
Doha Qatar
31%
Bratislava Slovaquie
31%
Minsk Biélorussie
30%
Yaoundé Cameroun
30%
Quito Équateur
30%
Tallinn Estonie
30%
Vientiane Laos
30%
Vaduz Liechtenstein
30%
Vilnius Lituanie
30%
Islamabad Pakistan
30%
Belgrade Serbie
30%
Hanoï Viêt Nam
30%
Nassau Bahamas
28%
Abou Dhabi Émirats arabes unis
28%
Nairobi Kenya
28%
Tripoli Libye
28%
Kuala Lumpur Malaisie
28%
Bamako Mali
28%
Ljubjana Slovénie
28%
Yamoussoukro Côte d'Ivoire
26%
Téhéran Iran
26%
Antananarivo Madagascar
26%
Podgorica Monténégro
26%
Asunción Paraguay
26%
Ouagadougou Burkina Fasso
24%
Libreville Gabon
24%
Tbilissi Géorgie
24%
Bagdad Irak
24%
Niamey Niger
24%
Sanaa Yémen
24%
Belmopa Belize
22%
Phnom Penh Cambodge
22%
Conakry Guinée
22%
Tegucigalpa Honduras
22%
Skopje Macédoine
22%
Ndjamena Tchad
22%
Noursoultan Kazakhstan
20%
Colombo Sri Lanka
20%
Port of Spain Trinité-et-Tobago
20%
Lusaka Zambie
20%
Moronie Comores
19%
Amman Jordanie
19%
Malé Maldives
19%
Nouakchott Mauritanie
19%
Managua Nicaragua
19%
Abuja Nigeria
19%
Mascate Oman
19%
Khartoum Soudan
19%
Manama Bahreïn
17%
Bridgetown Barbade
17%
Porto - Novo
Bénin
17%
Malabo Guinée équatoriale
17%
Monrovia Libéria
17%
Kigali Rwanda
17%
Victoria Seychelles
17%
Mogadiscio Somalie
17%
Paramaribo Suriname
17%
Dar es Salam Tanzanie
17%
Harare Zimbabwe
17%
Rangoun Birmanie
15%
Gaborone Botswana
15%
Bangui Centrafrique
15%
San José Costa Rica
15%
Daccan
Bangladesh
15%
Asmara Érythrée
15%
Accra Ghana
15%
Lilongwe Malawi
15%
Kampala Ouganda
15%
Tachkent Ouzbékistan
15%
Freetown Sierra Leone
15%
Lomé Togo
15%
Mbabane Eswatini
13%
Banjul Gambie
13%
Port Moresby Papouasie-Nouvelle-Guinée
13%
Douchanbé Tadjikistan
13%
Bichkek Kirghizstan
11%
Port-Vila Vanuatu
11%
Georgetown Guyana
9%
Achgabat Turkménistan
9%
Funafuti Tuvalu
9%
Apia Samoa
7%
Bujumbura Burundi
6%
Suva Fidji
6%
Maputo Mozambique
6%
Nuku'alofa Tonga
4%
Aucun quiz correspondant
Distribution des résultats
% des personnes avec chaque résultat
Percentile par nombre de réponses
Votre historique - résultats
Vous n’avez pas pris ce quiz